The Story of the Pakistan Air Force / (Record no. 528124)

000 -LEADER
fixed length control field 00357nam a22001457a 4500
003 - CONTROL NUMBER IDENTIFIER
control field NUST
020 ## - INTERNATIONAL STANDARD BOOK NUMBER
Qualifying information H/B.
038 ## - RECORD CONTENT LICENSOR
Staff Name waseem
082 ## - DEWEY DECIMAL CLASSIFICATION NUMBER
Classification number 358.4954
Author Mark HIJ
100 ## - MAIN ENTRY--PERSONAL NAME
Personal name Hijazi, A Q
9 (RLIN) 19699
245 ## - TITLE STATEMENT
Title The Story of the Pakistan Air Force /
Statement of responsibility, etc. A Q Hijazi
260 ## - PUBLICATION, DISTRIBUTION, ETC.
Place of publication, distribution, etc. Islamabad :
Name of publisher, distributor, etc. Al Shaheen Foundation,
Date of publication, distribution, etc. 1988.
300 ## - PHYSICAL DESCRIPTION
Extent 715 p. ;
942 ## - ADDED ENTRY ELEMENTS (KOHA)
Source of classification or shelving scheme
Koha item type Book
Holdings
Withdrawn status Lost status Source of classification or shelving scheme Damaged status Not for loan Permanent Location Current Location Date acquired Source of acquisition Total Checkouts Full call number Barcode Date last seen Date last checked out Price effective from Koha item type
          Central Library (CL) Central Library (CL) 08/29/2019 Donation 1 358.4954 HIJ CL-D-528 10/02/2025 10/02/2025 08/29/2019 Book
© 2023 Central Library, National University of Sciences and Technology. All Rights Reserved.